000 00330 a2200109 4500
001 ART_7941
005 20260410161556.0
008 260409a
245 1 0 _aAnálisis del estado de flujo de efectivo
100 1 _aMantovan, Flavio A.
773 0 _tProfesional & Empresaria
_g- Año XI, Nº 119 (ago. 2009)
_wREV70
999 _c9245
_d9245